Educación para la salud y preservación del medio ambiente /
Guardado en:
| Autor Principal: | |
|---|---|
| Formato: | Libro |
| Publicado: |
Buenos Aires :
El Ateneo,
1997
|
| Edición: | 23a. ed. |
| Materias: | |
| Etiquetas: |
Agregar Etiqueta
Sin Etiquetas, Sea el primero en etiquetar este registro!
|
| LEADER | 01146nam a22002655a 4500 | ||
|---|---|---|---|
| 001 | CEM.cems009660 | ||
| 005 | 20100531105256.0 | ||
| 008 | 130507s1997##################000#0#####d | ||
| 003 | CEMS | ||
| 020 | |a 9500274175 | ||
| 082 | 0 | 4 | |a 614 |
| 100 | 1 | |a Vattuone, Lucy F. de | |
| 245 | 1 | 0 | |a Educación para la salud y preservación del medio ambiente / |c Lucy F. de Vattuone |
| 250 | |a 23a. ed. | ||
| 260 | |a Buenos Aires : |b El Ateneo, |c 1997 | ||
| 300 | |a 159 p. | ||
| 505 | 0 | |a Qué es la educación para la salud? -- Salud y enfermedad -- La salud y el hombre -- La microbiología y la tecnología -- Prevención de las enfermedades -- La salud y el ambiente -- La salud y la edad -- La pérdida de la salud -- Tomografía axial computada -- Resonancia magnética nuclear -- La salud y la genética -- Biotecnología del ADN recombinante | |
| 653 | |a Adn-biotecnología | ||
| 653 | |a Bacterias | ||
| 653 | |a Virus | ||
| 653 | |a Centellograma | ||
| 653 | |a Medio ambiente | ||
| 653 | |a Educación para la salud | ||
| 859 | |a CEMS |b BIB. CEMS - 11 de abril |h 614 |i V459a23 |p 19883.98 |t Ej.1 | ||
| 859 | |a CEMS |b BIB. CEMS - 11 de abril |h 614 |i V459a23 |p 19886.98 |t Ej.2 | ||
